Mito y culto entre pueblos primitivos

Saved in:
Bibliographic Details
Main Author: Jensen, Adolf Ellegard (Author)
Format: Book
Language:Spanish
Published: Ciudad de México Fondo de Cultura Económica 1966
Series:Sección de obras de antropología
Subjects:
Tags: Add Tag
No Tags, Be the first to tag this record!

MARC

LEADER 00000nam a2200000 a 4500
001 UCW5225
003 CL-VaPUC
008 910123e19660000MX |||||||||||||||||spa|d
082 0 4 |a 291  |b JEN  |2 21 
100 0 |a Jensen, Adolf Ellegard  |e author  |9 310118 
245 1 0 |a Mito y culto entre pueblos primitivos 
300 |a 408 p 
942 |c BK 
945 |d 19910123 00:00:00 
260 |a Ciudad de México  |b Fondo de Cultura Económica  |c 1966 
650 0 |a Mitología   |9 255719 
650 7 |a RELIGION PRIMITIVA  |2 CL-VaPUC  |9 266890 
650 7 |a SOCIEDADES PRIMITIVAS  |2 CL-VaPUC  |9 266737 
583 |a last modification  |c 19910123 00:00:00  |k Rodrigo Vera 
490 0 |a Sección de obras de antropología 
999 |c 218708  |d 218706 
952 |0 0  |1 0  |4 0  |6 291_000000000000000_JEN_1966  |7 0  |8 A  |9 208698  |a BIBHIS  |b BIBHIS  |d 2019-11-15  |i 1332120  |o 291 JEN 1966  |p 1332120  |r 2025-01-20  |w 2019-11-15  |y BK  |k HIS